000 00813cam a2200265 a 4500
001 35036
005 20230410123520.0
008 940930s2000 dr 000 0 spa
035 _9(DLC) 94214163
035 _a4444814
942 _2lcc
_cbk
010 _a94214163
040 _aDLC
_cDLC
_dDLC
043 _anwdr---
050 1 4 _aKGQ 3886
_bM843d 2000
082 0 0 _a346.729304/675
_a347.293064675
_220
100 1 _aMoreno, Santa,
_d1962-
245 1 3 _aLa deforestación en República Dominicana y sus consecuencias jurídicas /
_cSanta Moreno.
250 _a3. ed.
260 _aSanto Domingo, R.D. :
_bLa Filantrópica,
_c2000.
300 _a119 p. ;
_c21 cm.
650 0 _aForestry law and legislation
_zDominican Republic.
650 0 _aDeforestation
_xControl
_zDominican Republic.
922 _aap
999 _c62994
_d62994